|
|
|
|
| LEADER |
00000nkm a2200000 a 4500 |
| 001 |
vtls011898531 |
| 003 |
SK-MaSNL |
| 005 |
20260512130606.0 |
| 007 |
kp bo |
| 008 |
230706q1939 xo 000 g knslo |
| 015 |
|
|
|a SNBG1939
|
| 035 |
|
|
|a urn:nbn:sk:snk-km00ebkp
|
| 035 |
|
|
|a urn:nbn:sk:snk-km43fli
|
| 035 |
|
|
|a E70244BD-6A78-492B-BAF1-BFBD28AF055E
|
| 040 |
|
|
|a SNK
|b slo
|c SNK
|e AACR2
|
| 041 |
0 |
|
|a slo
|
| 043 |
|
|
|a e-xo---
|
| 044 |
|
|
|a xo
|c SK
|
| 072 |
|
7 |
|a 913
|x Regionálna geografia
|2 konspekt
|
| 080 |
|
|
|a 913(437.6)
|2 2011
|
| 080 |
|
|
|a (084.121)
|2 2011
|
| 080 |
|
|
|a 721
|2 2011
|
| 245 |
0 |
0 |
|a Turč. Sv. Martin
|h grafika
|b Matica slovenská
|
| 246 |
3 |
3 |
|a Turčiansky Svätý Martin
|b Matica slovenská
|
| 260 |
|
|
|a [Slovensko?]
|b [vydavateľ neznámy]
|c [1939?]
|
| 300 |
|
|
|a 1 pohľadnica
|b čiernobiela
|c 9 x 14 cm
|
| 500 |
|
|
|a Názvové údaje prevzaté z obrazovej časti pohľadnice
|
| 520 |
8 |
|
|a Zobrazenie: V bielom orámovaní pohľad na budovu Matice slovenskej zhora s časťou sochy pred budovou, v pozadí vidieť zasnežené hory
|
| 610 |
2 |
7 |
|a Matica slovenská
|2 SNKKA
|9 14662
|
| 651 |
|
7 |
|a Martin (Slovensko)
|2 SNKPHgeo
|9 16875
|
| 655 |
|
7 |
|a miestne pohľadnice
|2 SNKPH
|9 70510
|
| 852 |
|
|
|a Slovenská národná knižnica
|
| 958 |
|
|
|a GBN
|
| 958 |
|
|
|a GC
|
| 958 |
|
|
|a ONDV
|
| 999 |
|
|
|c 1208260
|d 1210190
|
| 952 |
|
|
|a SNK
|b SNK
|y PREZ
|7 0
|p 17A1379067
|o snkSP 106970
|z Pohľadnica prešla poštou.
|0 0
|1 0
|4 0
|d 2019-11-07
|f 1
|l 0
|r 2026-02-24 23:04:15
|w 2026-02-24
|